| 000 | 01099nam a2200289Ia 4500 | ||
|---|---|---|---|
| 001 | ebr10250952 | ||
| 003 | CaPaEBR | ||
| 006 | m u | ||
| 007 | cr cn||||||||| | ||
| 008 | 960405s1983 enk sb 001 0 eng d | ||
| 020 | _z9780485300109 | ||
| 020 | _z0485300109 | ||
| 040 |
_aCaPaEBR _cCaPaEBR |
||
| 035 | _a(OCoLC)301331915 | ||
| 050 | 1 | 4 |
_aPR3537.R4 _bP54 1983eb |
| 100 | 1 | _aPierce, Charles E. | |
| 245 | 1 | 4 |
_aThe religious life of Samuel Johnson _h[electronic resource] / _cCharles E. Pierce, Jr. |
| 260 |
_aLondon : _bAthlone, _c1983. |
||
| 300 | _a184 p. | ||
| 504 | _aIncludes bibliography and index. | ||
| 533 |
_aElectronic reproduction. _bPalo Alto, Calif. : _cebrary, _d2009. _nAvailable via World Wide Web. _nAccess may be limited to ebrary affiliated libraries. |
||
| 600 | 1 | 0 |
_aJohnson, Samuel, _d1709-1784 _xReligion. |
| 650 | 0 |
_aAuthors, English _xReligious life. |
|
| 655 | 7 |
_aElectronic books. _2local |
|
| 710 | 2 | _aebrary, Inc. | |
| 856 | 4 | 0 |
_uhttp://site.ebrary.com/lib/rucke/Doc?id=10250952 _zAn electronic book accessible through the World Wide Web; click to view |
| 999 |
_c35791 _d35791 |
||